Pretty Salma : (Record no. 2299)

MARC details
000 -LEADER
fixed length control field 00881cam a2200277 a 4500
005 - DATE AND TIME OF LATEST TRANSACTION
control field 20260320085029.0
020 ## - INTERNATIONAL STANDARD BOOK NUMBER
International Standard Book Number 9780618723454
020 ## - INTERNATIONAL STANDARD BOOK NUMBER
International Standard Book Number 0618723455
020 ## - INTERNATIONAL STANDARD BOOK NUMBER
International Standard Book Number 9780545279376
040 ## - CATALOGING SOURCE
Original cataloging agency DLC
Transcribing agency DLC
Modifying agency DLC
Language of cataloging eng
050 00 - LIBRARY OF CONGRESS CALL NUMBER
Classification number PZ8.D17
Item number Pr 2007
082 00 - DEWEY DECIMAL CLASSIFICATION NUMBER
Classification number 398.2
-- E
Edition number 22
100 1# - MAIN ENTRY--PERSONAL NAME
Personal name Daly, Niki
245 10 - TITLE STATEMENT
Title Pretty Salma :
Remainder of title a Little Red Riding Hood story from Africa /
Statement of responsibility, etc. by Niki Daly.
260 ## - PUBLICATION, DISTRIBUTION, ETC.
Place of publication, distribution, etc. New York :
Name of publisher, distributor, etc. Scholastic,
Date of publication, distribution, etc. 2006
300 ## - PHYSICAL DESCRIPTION
Extent 29 pages :
Other physical details illustrations
Dimensions 23 x 24 cm
505 ## - FORMATTED CONTENTS NOTE
Formatted contents note K
520 ## - SUMMARY, ETC.
Summary, etc. In this version of "Little Red Riding Hood," set in Ghana, a young girl fails to heed Granny's warning about the dangers of talking to strangers.
521 ## - TARGET AUDIENCE NOTE
Target audience note 510
Source Lexile
521 ## - TARGET AUDIENCE NOTE
Target audience note K
Source Raz-Plus
650 #1 - SUBJECT ADDED ENTRY--TOPICAL TERM
Topical term or geographic name entry element Fairy tales.
650 #1 - SUBJECT ADDED ENTRY--TOPICAL TERM
Topical term or geographic name entry element Folklore.
906 ## - LOCAL DATA ELEMENT F, LDF (RLIN)
a 7
b cbc
c orignew
d 1
e ecip
f 20
g y-gencatlg
942 ## - ADDED ENTRY ELEMENTS (KOHA)
Source of classification or shelving scheme Dewey Decimal Classification
Koha item type Books
Suppress in OPAC No
999 ## -
-- 2299
-- 2299
Holdings
Withdrawn status Lost status Source of classification or shelving scheme Damaged status Not for loan Collection Home library Current library Shelving location Date acquired Total Checkouts Full call number Barcode Date last seen Date last checked out Copy number Price effective from Koha item type
    Dewey Decimal Classification     Juvenile Fiction Footprints International School Library Network Toul Kork Campus Footprints International School Library Network Toul Kork Campus TK Primary Library Room(4th Floor), Bookcase 3&4, Shelves 17-32, Yellow Books 11/15/2023 1 DAL 398.2 PZ8.D17 FISTK02614 09/09/2024 08/30/2024 1 11/15/2023 Books
    Dewey Decimal Classification     Juvenile Fiction Footprints International School Library Network Toul Tom Poung Campus Footprints International School Library Network Toul Tom Poung Campus TTP Primary Yellow Bookshelves 03/20/2026   DAL 398.2 PZ8.D17 FISBK06054 03/20/2026   2 03/20/2026 Books